মহাকবি ইকবাল / (Record no. 56132)
[ view plain ]
| 000 -LEADER | |
|---|---|
| fixed length control field | 00829nam a2200229 a 4500 |
| 001 - CONTROL NUMBER | |
| control field | 56132 |
| 003 - CONTROL NUMBER IDENTIFIER | |
| rucl marc code | BD-RjUL |
| 005 - DATE AND TIME OF LATEST TRANSACTION | |
| control field | 20211209080345.0 |
| 008 - FIXED-LENGTH DATA ELEMENTS--GENERAL INFORMATION | |
| fixed length control field | 161127s1996 ii |||| |||| 00| 0 ben d |
| 020 ## - INTERNATIONAL STANDARD BOOK NUMBER | |
| Terms of availability | : TK 200.00 |
| 035 ## - SYSTEM CONTROL NUMBER | |
| System control number | (BD-RjUL)56256 |
| 040 ## - CATALOGING SOURCE | |
| Original cataloging agency | BD-RjUL |
| Language of cataloging | ben |
| Transcribing agency | BD-RjUL |
| 041 ## - LANGUAGE CODE | |
| Language code of text/sound track or separate title | ben |
| 082 ## - DEWEY DECIMAL CLASSIFICATION NUMBER | |
| Edition number | 23 |
| Classification number | 891.439092 |
| Author mark and year | NUM 1996 |
| 100 ## - MAIN ENTRY--PERSONAL NAME | |
| Personal name | নুরদ্দীন, আবূ সাঈদ |
| 9 (RLIN) | 122431 |
| 245 10 - TITLE STATEMENT | |
| Title | মহাকবি ইকবাল / |
| Statement of responsibility, etc. | আবূ সাঈদ নুরদ্দীন |
| 260 ## - PUBLICATION, DISTRIBUTION, ETC. (IMPRINT) | |
| Place of publication, distribution, etc. | ঢাকা : |
| Name of publisher, distributor, etc. | আল্লামা ইকবাল সাংসদ, |
| Date of publication, distribution, etc. | ১৯৯৬ |
| 300 ## - PHYSICAL DESCRIPTION | |
| Pagination | ৪১৫ পৃ. ; |
| Size | ১৯ সেমি. |
| 650 ## - SUBJECT ADDED ENTRY--TOPICAL TERM | |
| Topical term or geographic name as entry element | উর্দূ সাহিত্য |
| General subdivision | জ়ীবনী |
| 9 (RLIN) | 122432 |
| Topical term or geographic name as entry element | Urdu Literature |
| General subdivision | Biography |
| 9 (RLIN) | 122433 |
| 942 ## - ADDED ENTRY ELEMENTS (KOHA) | |
| Source of classification or shelving scheme | Dewey Decimal Classification |
| Koha item type | Books |
| Lost status | Source of classification or shelving scheme | Damaged status | Not for loan | Collection code | Permanent Location | Current Location | Shelving location | Date acquired | Source of acquisition | Cost, normal purchase price | Total Checkouts | Full call number | Date last seen | Copy number | Koha item type |
|---|---|---|---|---|---|---|---|---|---|---|---|---|---|---|---|
| Dewey Decimal Classification | Non-fiction | Central Library, University of Rajshahi | Central Library, University of Rajshahi | 02/01/1997 | RUCL | 200.00 | B 891.439092 NUM 1996 | 27/11/2016 | C-2 | Books |